MARC

LEADER 00000nam0a2200000 4500
001 287997
005 20231031235025.0
020 |a RU  |b 85-85480 
035 |a (RuTPU)RU\TPU\book\312442 
090 |a 287997 
100 |a 20150320d1985 k y0rusy5003 ca 
101 0 |a rus 
102 |a RU 
105 |a a z 001zy 
200 1 |a Дросселируемые жидкостные ракетные двигатели  |f В. В. Михайлов, В. Г. Базаров 
210 |a Москва  |c Машиностроение  |d 1985 
215 |a 165 с.  |c ил. 
320 |a Библиогр.: с. 162-163 
606 1 |a Ракетные двигатели  |2 stltpush  |3 (RuTPU)RU\TPU\subj\23732 
610 1 |a жидкостные ракетные двигатели 
610 1 |a рабочий процесс 
610 1 |a топливо 
610 1 |a расход 
610 1 |a расход топлива 
610 1 |a камера сгорания 
610 1 |a настройки 
675 |a 621.454.2.02  |z rus  |v 4 
700 1 |a Михайлов  |b В. В.  |g Владлен Васильевич  |4 070 
701 1 |a Базаров  |b В. Г.  |g Владимир Георгиевич  |4 070 
801 0 |a RU  |b RuMRKP  |c 19950704  |g psbo 
801 1 |a RU  |b 63413507  |c 20150320 
801 2 |a RU  |b 63413507  |c 20170705  |g RCR 
942 |c BK